| 000 | 01159cam a2200325 a 4500 | ||
|---|---|---|---|
| 999 |
_c29353 _d29324 |
||
| 001 | 15898307 | ||
| 003 | EG-ScBUE | ||
| 005 | 20210919154855.0 | ||
| 008 | 090908s2007 nyua f 000 0 eng d | ||
| 020 | _a9780194305976 (pbk.) | ||
| 040 |
_aDLC _beng _erda _cDLC _dDLC _dEG-ScBUE |
||
| 082 | 0 | 4 |
_a428.24071073 _bWIL _222 |
| 100 | 1 |
_aWilson, Ken, _d1947 August 5- _eauthor. |
|
| 245 | 1 | 0 |
_aSmart choice : _bworkbook / _cKen Wilson, Tim Falla, Paul A. Davies. |
| 264 | 1 |
_aNew York, NY : _bOxford University Press, _c2007. |
|
| 300 |
_a3 volumes : _billustrations ; _c30 cm |
||
| 336 |
_2rdacontent _atext _btxt |
||
| 337 |
_2rdamedia _aunmediated _bn |
||
| 338 |
_2rdacarrier _avolume _bnc |
||
| 505 | 0 | _aWorkbook 1 -- Workbook 2 -- Work book 3. | |
| 650 | 7 |
_aEnglish language _xStudy and teaching _xForeign speakers. _2BUEsh |
|
| 653 |
_bHHUUEENN _cSeptember2021 _aBUEsh |
||
| 655 |
_vReading book _934232 |
||
| 700 | 1 |
_aFalla, Tim, _eauthor. _928420 |
|
| 700 | 1 |
_aDavies, Paul A., _eauthor. |
|
| 906 |
_a7 _bcbc _corigres _d2 _encip _f20 _gy-gencatlg |
||
| 942 |
_2ddc _cBB |
||